|
|
แสดงรายละเอียดบรรณานุกรม |
|
|
Brief Record
: Get Marc (ISO 2709)
: E-mail record
: |
|
|
| LEADER 00000nam 2200000uu 4500 | |||
| 001 213866 | |||
| 003 ULIBM | |||
| 008 230902s||||||||th 000 0 tha d | |||
| 020 ^a9786164459854 | |||
| 041 ^atha | |||
| 050 4 ^aHG8051^bฐ361 2560 | |||
| 100 0 ^aฐิติวดี ชัยวัฒน์ | |||
| 245 10 ^aการบริหารความเสี่ยงภัยและการประกันภัยในศตวรรษที่ 21 /^cฐิติวดี ชัยวัฒน์ | |||
| 250 ^aพิมพ์ครั้งที่ 3 | |||
| 260 ^aกรุงเทพฯ :^bโรงพิมพ์แห่งจุฬาลงกรณ์มหาวิทยาลัย,^c2560, [2017] | |||
| 300 ^a274 หน้า :^bภาพประกอบ ;^c21 ซม. | |||
| 650 4 ^aประกันภัย | |||
| 650 4 ^aความเสี่ยง | |||
| 710 2 ^aจุฬาลงกรณ์มหาวิทยาลัย.^bคณะพาณิชยศาสตร์และการบัญชี | |||
| 999 ^aใช้งานได้ทุกระบบ | |||
| คุณยังไม่ได้ล็อกอิน คุณสามารถมีกิจกรรมร่วมกับเว็บไซต์ได้ แต่ต้องล็อกอินก่อน :: |
|
| สถานะ | |||||||||
| 1. | หนังสือทั่วไป | HG8051 ฐ361 2560 ฉ.1 | On Shelf ขอยืม | ||||||
| Note:จัดซื้อปีงบประมาณ 2564 | |||||||||
| 2. | หนังสือทั่วไป | HG8051 ฐ361 2560 ฉ.2 | On Shelf ขอยืม | ||||||
| Note:จัดซื้อปีงบประมาณ 2564 | |||||||||
| [แสดง 2/2 รายการ] | |||||||||
BibComment |
| คอมเมนท์ทรัพยากรรายการนี้ |
|
|